Pôsobenie podnikových zásob na úroveň krátkodobých finančných zdrojov

Optimálne riadenie a investovanie do zásob, predstavuje jednu z najväčších finančných položiek podnikov. Strategické rozhodnutia v systéme investovania a riadenia zásob v podniku.

Guardado en:
Detalles Bibliográficos
Autor principal: Kubranová, Magdaléna, 1956-
Formato: Capítulo de libro
Lenguaje:eslovaco
Materias:
Etiquetas: Agregar Etiqueta
Sin Etiquetas, Sea el primero en etiquetar este registro!

MARC

LEADER 00000naa$a2200000$$$4500
001 0181165
005 20240502073114.7
041 0 |a slo 
044 |a SK 
245 1 0 |a Pôsobenie podnikových zásob na úroveň krátkodobých finančných zdrojov  |c Magdaléna Kubranová 
520 |a Optimálne riadenie a investovanie do zásob, predstavuje jednu z najväčších finančných položiek podnikov. Strategické rozhodnutia v systéme investovania a riadenia zásob v podniku. 
610 2 0 |a zásoby 
610 2 0 |a riadenie zásob 
610 2 0 |a skladovanie 
610 2 0 |a náklady 
610 2 0 |a preprava 
610 2 0 |a balenie 
610 2 0 |a logistika podniková 
610 2 0 |a financovanie 
100 1 |a Kubranová, Magdaléna, 1956-